Connaissez-vous vraiment La Grande Vadrouille ? - Statistiques

Statistiques générales
  • Ce quiz a été pris 314 fois
  • Le résultat moyen est 12 sur 15
Statistiques - réponses
Hint Réponse % Correct
Qui interprète le rôle d'Augustin Bouvet ? Bourvil
97%
Qui interprète le rôle de Stanislas Lefort ? Louis de Funès
97%
Mon vélo, mes _____… et puis quoi maintenant ? chaussures
91%
Durant quelle décennie est sorti le film ? les années 60 (1966)
91%
Quelle est la profession de Stanislas Lefort ? Chef d'orchestre
89%
Qu'est-ce qu'ils lancent sur les motocyclistes allemands pendant la course-poursuite ? des citrouilles
83%
“Comment ça « merde alors ! »? But alors you are _____ ! ?" French
82%
Avec quel objet dansent les allemands, Stanislas et Augustin à l'hôtel ? des chaises
78%
"- Ils peuvent me tuer, je ne parlerai pas ! - Mais moi non plus, ils peuvent _____, je ne parlerai pas !" vous tuer
77%
Quelle chanson est chantée par Augustin dans les bains turc en guise de signal de reconnaissance? Tea for two
74%
"C’est lourd nom de Dieu… oh pardon ma _____ !" soeur
72%
Qui a réalisé le film ? Gérard Oury
69%
Où tombe le chef de l'équipage (Big Moustache) après avoir sauté de l'avion en parachute ? Au zoo de Vincennes
63%
"- Vous chaussez du combien ? - C’est du _____." comme vous
59%
Comment parviennent-ils à passer en zone libre ? en planeurs
52%
Aucun quiz correspondant
Distribution des résultats
% des personnes avec chaque résultat
Percentile par nombre de réponses
Votre historique - résultats
Vous n’avez pas pris ce quiz